Sociology and social research in Pakistan / (Record no. 20949)

MARC details
000 -LEADER
fixed length control field 01463cam a22003491 4500
001 - CONTROL NUMBER
control field 6606301
003 - CONTROL NUMBER IDENTIFIER
control field BDDh-ASL
005 - DATE AND TIME OF LATEST TRANSACTION
control field 20231015025942.0
008 - FIXED-LENGTH DATA ELEMENTS--GENERAL INFORMATION
fixed length control field 740410s1963 xx 100 0 eng
010 ## - LIBRARY OF CONGRESS CONTROL NUMBER
LC control number sa 67004935
035 ## - SYSTEM CONTROL NUMBER
System control number (OCoLC)853424
040 ## - CATALOGING SOURCE
Original cataloging agency DLC
Transcribing agency CtY
Modifying agency DLC
-- BDDh-ASL
042 ## - AUTHENTICATION CODE
Authentication code premarc
050 00 - LIBRARY OF CONGRESS CALL NUMBER
Classification number HN690.5.A7
Item number A65 1963
082 ## - DEWEY DECIMAL CLASSIFICATION NUMBER
Classification number 301.547
Item number AFS
111 2# - MAIN ENTRY--MEETING NAME
Meeting name or jurisdiction name as entry element All Pakistan Sociology Seminar
Number of part/section/meeting (1st :
Date of meeting or treaty signing 1963 :
Location of meeting Dhaka, Bangladesh)
245 10 - TITLE STATEMENT
Title Sociology and social research in Pakistan /
Statement of responsibility, etc. edited by Md. Afsaruddin.
250 ## - EDITION STATEMENT
Edition statement [1st ed.]
260 ## - PUBLICATION, DISTRIBUTION, ETC.
Place of publication, distribution, etc. Dacca:
Name of publisher, distributor, etc. East Pakistan Unit, Pakistan Sociological Association
Date of publication, distribution, etc. [1963]
300 ## - PHYSICAL DESCRIPTION
Extent 140 p.
Other physical details illus.
Dimensions 24 cm.
500 ## - GENERAL NOTE
General note Jointly sponsored by the East Pakistan Unit of the Pakistan Sociological Association, the Unesco Research Centre on Social and Economic Development in Southern Asia, and the Dept. of Sociology, Dacca University.
504 ## - BIBLIOGRAPHY, ETC. NOTE
Bibliography, etc. note Bibliographical footnotes.
650 #0 - SUBJECT ADDED ENTRY--TOPICAL TERM
Topical term or geographic name entry element Social sciences
General subdivision Research.
650 #0 - SUBJECT ADDED ENTRY--TOPICAL TERM
Topical term or geographic name entry element Sociology
General subdivision Study and teaching.
651 #0 - SUBJECT ADDED ENTRY--GEOGRAPHIC NAME
Geographic name Pakistan
General subdivision Social conditions.
700 1# - ADDED ENTRY--PERSONAL NAME
Personal name Afsaruddin, Mohammad,
Relator term ed.
710 2# - ADDED ENTRY--CORPORATE NAME
Corporate name or jurisdiction name as entry element Pakistan Sociological Association.
Subordinate unit East Pakistan Unit.
710 2# - ADDED ENTRY--CORPORATE NAME
Corporate name or jurisdiction name as entry element Unesco.
Subordinate unit Research Centre on Social and Economic Development in Southern Asia.
710 1# - ADDED ENTRY--CORPORATE NAME
Corporate name or jurisdiction name as entry element Dacca, Pakistan (City).
Subordinate unit University.
-- Department of Sociology.
906 ## - LOCAL DATA ELEMENT F, LDF (RLIN)
a 7
b cbc
c oclcrpl
d u
e ncip
f 19
g y-gencatlg
942 ## - ADDED ENTRY ELEMENTS (KOHA)
Source of classification or shelving scheme Dewey Decimal Classification
Koha item type Books
Holdings
Withdrawn status Lost status Source of classification or shelving scheme Damaged status Not for loan Collection code Home library Current library Shelving location Date acquired Source of acquisition Total Checkouts Full call number Barcode Date last seen Copy number Price effective from Koha item type
    Dewey Decimal Classification     Non-fiction Asiatic Society Library Asiatic Society Library General Stacks 01/17/2021 Donated by Prof. A. F. A. Husain   301.547 AFS 104459 01/17/2021 C-1 01/17/2021 Books

Powered by Koha